| 000 | 00652nam a22001577a 4500 | ||
|---|---|---|---|
| 003 | macl | ||
| 005 | 20190526162650.0 | ||
| 008 | 190526b xxu||||| |||| 00| 0 eng d | ||
| 040 | _cmacl | ||
| 082 | _a891.433/GUP/N | ||
| 100 |
_aगुप्त,हरीशचन्द्र _974988 |
||
| 245 | _aसाहित्य और संस्कृति अभिज्ञान शाकुन्तलम मृच्छकटिकम उर्वशी | ||
| 260 |
_aदिल्ली _bराजकुमार एन्ड सन्स _c2018 |
||
| 650 |
_aलघु उपन्यास _974997 |
||
| 942 |
_2ddc _cHIN |
||
| 999 |
_c59872 _d59872 |
||